Statistics for Tree species in Great Britain by forest area on a drawing

Click here to take the quiz!

General Stats

  • This quiz has been taken 18 times
  • The average score is 9 of 13

Answers on the Map

Answers color-coded by a green-red scale on the quiz's map according to % correct below.
 

Answer Stats

Answer% Correct
Oak
100%
Pine
100%
Beech
87%
Ash
80%
Birch
80%
Sycamore
80%
Spruce
73%
Hazel
67%
Willow
67%
Alder
40%
Douglas
40%
Hawthorn
40%
Larch
40%

Score Distribution

Percentile by Number Answered

Percent of People with Each Score

Your Score History

You have not taken this quiz